Textos guía de economía solidaria : (Registro nro. 10990)

Detalles MARC
000 -CABECERA
Longitud fija campo de control 00885nam a2200229 a 4500
003 - • IDENTIFICADOR DELl NÚMERO DE CONTROL
Identificador del número de control CO-ViMGA
008 - • CÓDIGOS DE INFORMACIÓN DE LONGITUD FIJA
Códigos de información de longitud fija 141112s2004 ck r 000 u spa d
020 ## - • NÚMERO INTERNACIONAL NORMALIZADO PARA LIBROS
Número Internacional Normalizado para Libros (ISBN) 9588205514
040 ## - FUENTE DE LA CATALOGACIÓN
Centro catalogador de origen CO-ViMGA
Lengua de catalogación spa
Centro transcriptor CO-ViMGA
082 ## - • NÚMERO DE LA CLASIFICACIÓN DECIMAL DEWEY
Número de clasificación (R) 334 J145t
100 1# - • PUNTO DE ACCESO PRINCIPAL-NOMBRE DE PERSONA
Nombre de persona Jaime Cuadros, Maria del Pilar
245 10 - • TITULO PROPIAMENTE DICHO
Título Textos guía de economía solidaria :
Resto del título Organos administración y control
300 ## - • DESCRIPCIÓN FÍSICA
Extensión 144
490 ## - • MENCIÓN DE SERIE
Mención de serie Economía solidaria
505 ## - • NOTA DE CONTENIDO CON FORMATO
Nota de contenido con formato Asamblea general de asociados 9 - 33 - - Consejo de administración o juntas directivas 45 - 62 - - Juntas de vigilancia 83 - 94
590 ## - NOTAS LOCALES
Nota local Forma de adquisición : Donación - - Precio : 13000 - - Fecha de adquisición : 2008
650 14 - • PUNTO DE ACCESO ADICIONAL DE MATERIA - TÉRMINO DE MATERIA
Término de materia o nombre geográfico como elemento inicial COOPERATIVISMO - COLOMBIA
650 14 - • PUNTO DE ACCESO ADICIONAL DE MATERIA - TÉRMINO DE MATERIA
Término de materia o nombre geográfico como elemento inicial ECONOMíA SOLIDARIA - COLOMBIA
942 ## - ENTRADA DE ELEMENTOS AGREGADOS (KOHA)
Fuente de clasificaión o esquema Dewey Decimal Classification
Koha [por defecto] tipo de item LIbro

No hay ítems disponibles.










Instituto Departamental de Cultura del Meta - Red Departamental de Bibliotecas Públicas del Meta.